000 00851cab a2200265 4500
001 ABS56334
008 090401t1996 xxu||||| |||| 00| 0 eng d
035 _a(Sirsi) u22946
041 _aeng
245 4 _aThe principles of building conservation
260 _c1996
350 _a0
490 _aRICS Building Conservation Journal
_vWinter 1996, supplement 1-4(4)
520 _aDiscusses what building conservation really means, the social and economic issues, statistical evidence and facts, and finally the major principles of building conservation.
650 _aBUILDING CONSERVATION NOTE NO 6
650 _aBUILDING CONSERVATION
650 _aDEFINITION
650 _aHISTORIC BUILDINGS
650 _aLISTED BUILDINGS
650 _aRICS
650 _aSTATISTICS
690 _aCONSERVATION
942 _n0
948 _c04/03/1997
999 _c15385
_d15385